Trouvez les pays frontaliers - République Démocratique du Congo - Statistiques

Statistiques générales
  • Ce quiz a été pris 27 fois
  • Le résultat moyen est 8 sur 9
Statistiques - réponses
Longueur de leur frontière commune Pays % Correct
217 km Rwanda
100%
765 km Ouganda
96%
459 km Tanzanie
92%
2511 km Angola
88%
233 km Burundi
88%
1577 km République Centrafricaine
88%
2410 km République du Congo
88%
1930 km Zambie
79%
628 km Soudan du Sud
75%
Aucun quiz correspondant
Distribution des résultats
% des personnes avec chaque résultat
Percentile par nombre de réponses
Votre historique - résultats
Vous n’avez pas pris ce quiz